Desserts from 'D' - Statistics

General Stats
  • This quiz has been taken 41 times
  • The average score is 2 of 16
Answer Stats
Picture Answer % Correct
Donuts
100%
Devil's Food Cake
39%
Danish Pastry
33%
Dundee Cake
15%
Dacquoise
6%
Depression Cake
6%
Dutch Baby Pancake
6%
Derby Pie
3%
Diples
3%
Dobos Torte
3%
Dodol
3%
Donauwelle
3%
Dame blanche
0%
Diplomat pudding
0%
Doodhpak
0%
Dziriyet
0%
No matching quizzes found
Score Distribution
Percent of People with Each Score
Percentile by Number Answered
Your Score History
You have not taken this quiz